Library Banner

Understanding and measuring social capital [+CD] (Record no. 30916)

MARC details
000 -LEADER
fixed length control field 00651nam a2200217Ia 4500
001 - CONTROL NUMBER
control field 30793
003 - CONTROL NUMBER IDENTIFIER
control field PK-LaUMT
005 - DATE AND TIME OF LATEST TRANSACTION
control field 20220902154705.0
008 - FIXED-LENGTH DATA ELEMENTS--GENERAL INFORMATION
fixed length control field 140416s9999 xx 000 0 und d
020 ## - INTERNATIONAL STANDARD BOOK NUMBER
International Standard Book Number 0-8213-5068-4
040 ## - CATALOGING SOURCE
Transcribing agency PK-LaUMT
082 ## - DEWEY DECIMAL CLASSIFICATION NUMBER
Classification number W 302.14
Item number UND-
100 ## - MAIN ENTRY--PERSONAL NAME
Personal name Christiaan Grootaert
245 ## - TITLE STATEMENT
Title Understanding and measuring social capital [+CD]
Remainder of title a multidisciplinary tool for practitioners
Statement of responsibility, etc Christiaan Grootaert<>Thierry van Bastelaer
260 ## - PUBLICATION, DISTRIBUTION, ETC. (IMPRINT)
Place of publication, distribution, etc Washington,USA:
Name of publisher, distributor, etc World Bank,
Date of publication, distribution, etc 2002
300 ## - PHYSICAL DESCRIPTION
Extent 304 p.
Accompanying material CD
546 ## - LANGUAGE NOTE
Language note EN
650 ## - SUBJECT ADDED ENTRY--TOPICAL TERM
Topical term or geographic name as entry element Social capital
700 ## - ADDED ENTRY--PERSONAL NAME
Personal name Thierry van Bastelaer
942 ## - ADDED ENTRY ELEMENTS (KOHA)
Koha item type Permanently weeded out collection
Source of classification or shelving scheme Dewey Decimal Classification
Holdings
Withdrawn status Lost status Damaged status Not for loan Home library Current library Date acquired Total Checkouts Full call number Barcode Date last seen Price effective from Koha item type
        UMT Main Campus UMT Main Campus 2014-04-16   W 302.14 UND- 36827 2014-05-03 2014-05-03 Books